[Event "Vecindario Montalvo Memorial 15th"]
[Site "Vecindario"]
[Date "2023.04.06"]
[Round "6"]
[White "Sanchez Ramirez, Gustavo"]
[Black "Macias Reyes, Jose Luis"]
[Result "0-1"]
[WhiteElo "1671"]
[BlackElo "1495"]
[PlyCount "62"]
[EventDate "2023.04.02"]
[EventType "swiss"]
[EventRounds "9"]
[EventCountry "ESP"]
[SourceTitle "CBM 213 Extra"]
[Source "ChessBase"]
[SourceDate "2023.05.31"]
[SourceVersion "1"]
[SourceVersionDate "2023.05.31"]
[SourceQuality "1"]

1. c4 c6 2. g3 d5 3. cxd5 cxd5 4. Bg2 Nf6 5. d4 Bf5 6. Nc3 e6 7. Nf3 Nc6 8. 0-0 h6 9. Ne5 Nxe5 10. dxe5 Nd7 11. f4 Bb4 12. e4 dxe4 13. Nxe4 0-0 14. Be3 Bxe4 15. Bxe4 Bc5 16. Qf3 Qb6 17. Bxc5 Nxc5 18. Rf2 Nxe4 19. Qxe4 Rfd8 20. Kg2 Rd4 21. Qc2 Rad8 22. Rc1 Qa5 23. Qb1 Rd2 24. Rxd2 Rxd2+ 25. Kh3 g5 26. Qe4 g4+ 27. Kxg4 Rxh2 28. Rc8+ Kg7 29. f5 h5+ 30. Kf3 exf5 31. Qxf5 Qd5+ 0-1

[Event "Vecindario Montalvo Memorial 15th"]
[Site "Vecindario"]
[Date "2023.04.05"]
[Round "5"]
[White "Suarez Cardero, Ivan"]
[Black "Sanchez Ramirez, Gustavo"]
[Result "1-0"]
[WhiteElo "1446"]
[BlackElo "1671"]
[PlyCount "107"]
[EventDate "2023.04.02"]
[EventType "swiss"]
[EventRounds "9"]
[EventCountry "ESP"]
[SourceTitle "CBM 213 Extra"]
[Source "ChessBase"]
[SourceDate "2023.05.31"]
[SourceVersion "1"]
[SourceVersionDate "2023.05.31"]
[SourceQuality "1"]

1. d4 f5 2. Nf3 d5 3. e3 Nf6 4. Nbd2 e6 5. c4 c6 6. c5 Be7 7. Be2 0-0 8. 0-0 Ne4 9. Ne5 Nd7 10. Ndf3 Bf6 11. Nxd7 Bxd7 12. Ne1 e5 13. f4 exd4 14. exd4 b6 15. cxb6 Qxb6 16. Nf3 Rfe8 17. Rb1 Nc3 18. bxc3 Qxb1 19. Qd2 Reb8 20. Ne5 Be8 21. Ba3 Qb6 22. Bf3 Rd8 23. Qc2 g6 24. Be2 Qc7 25. Rf3 Be7 26. Bc1 c5 27. Qd2 Rac8 28. Ba6 cxd4 29. Bxc8 Rxc8 30. Kh1 dxc3 31. Qxd5+ Kf8 32. Qe6 Rd8 33. Nd3 Bb5 34. Nf2 c2 35. Re3 Rd1+ 36. Re1 Rxe1+ 37. Qxe1 Qc4 38. a3 Bc5 39. Nh3 a5 40. Ng5 Qf1+ 41. Qxf1 Bxf1 42. Ne6+ Ke7 43. Nxc5 Bb5 44. Kg1 Bc6 45. Nb3 a4 46. Nd4 Be4 47. Kf2 Kd6 48. g3 Kc5 49. Ke3 Kc4 50. Bd2 h5 51. h4 Kd5 52. Bc1 Kc4 53. Ne6 Kc3 54. Nf8 1-0

[Event "Gran Canaria Santana Memorial 7th"]
[Site "Gran Canaria"]
[Date "2019.11.12"]
[Round "3"]
[White "Sanchez Ramirez, Gustavo"]
[Black "Camara Bordon, Luis Marcos"]
[Result "1-0"]
[WhiteElo "1628"]
[BlackElo "1380"]
[PlyCount "41"]
[EventDate "2019.11.05"]
[EventType "swiss"]
[EventRounds "7"]
[EventCountry "ESP"]
[SourceTitle "CBM 193 Extra"]
[Source "ChessBase"]
[SourceDate "2020.01.31"]
[SourceVersion "1"]
[SourceVersionDate "2020.01.31"]
[SourceQuality "1"]

1. Nf3 Nf6 2. d4 e6 3. c4 c5 4. d5 exd5 5. cxd5 d6 6. Nc3 Bf5 7. e4 Nxe4 8. Qa4+ Nd7 9. Nxe4 Qe7 10. Bd3 b5 11. Qxb5 Bxe4 12. 0-0 Bxf3 13. gxf3 Qf6 14. Re1+ Be7 15. Bd2 Qxf3 16. Rxe7+ Kxe7 17. Re1+ Ne5 18. Rxe5+ dxe5 19. Qxc5+ Kd7 20. Bb5+ Kd8 21. Ba5# 1-0

[Event "Gran Canaria Santana Memorial 7th"]
[Site "Gran Canaria"]
[Date "2019.11.07"]
[Round "2"]
[White "Perez Bolanos, David"]
[Black "Sanchez Ramirez, Gustavo"]
[Result "1-0"]
[WhiteElo "1853"]
[BlackElo "1628"]
[PlyCount "91"]
[EventDate "2019.11.05"]
[EventType "swiss"]
[EventRounds "7"]
[EventCountry "ESP"]
[SourceTitle "CBM 193 Extra"]
[Source "ChessBase"]
[SourceDate "2020.01.31"]
[SourceVersion "1"]
[SourceVersionDate "2020.01.31"]
[SourceQuality "1"]

1. e4 e5 2. Nf3 d6 3. Bc4 Nf6 4. Ng5 d5 5. exd5 h6 6. Nf3 Bd6 7. d3 0-0 8. Be3 Bf5 9. Nbd2 Nbd7 10. Qe2 Nb6 11. Bxb6 axb6 12. 0-0 Ra5 13. Nb3 Ra4 14. Nbd2 b5 15. Bxb5 Rg4 16. Nxe5 Rg5 17. f4 Bc5+ 18. Kh1 Rh5 19. Ndf3 Nxd5 20. d4 Bd6 21. g4 Nxf4 22. Qe3 Nd5 23. Qf2 Bxg4 24. Nxg4 Nf4 25. Bc4 Qd7 26. Rg1 Kh8 27. Nfe5 Bxe5 28. Nxe5 Rxe5 29. Qxf4 Qc6+ 30. d5 Qd6 31. Qg3 g6 32. Raf1 Kg7 33. Rf2 Rfe8 34. Rgf1 R8e7 35. Qf4 f5 36. Qd4 Qf6 37. d6 Qxd6 38. Qxd6 cxd6 39. Rd2 Rd7 40. Rfd1 Rc5 41. Bb3 Kf6 42. Rxd6+ Rxd6 43. Rxd6+ Kg5 44. Kg2 Rc6 45. Rxc6 bxc6 46. a4 1-0

[Event "Canarias-chT"]
[Site "Vecindario"]
[Date "2019.06.15"]
[Round "5.1"]
[White "Donate Villalba, Juan Francisco"]
[Black "Sanchez Ramirez, Gustavo"]
[Result "1-0"]
[WhiteElo "2036"]
[BlackElo "1616"]
[PlyCount "120"]
[EventDate "2019.06.13"]
[EventType "team-swiss"]
[EventRounds "6"]
[EventCountry "ESP"]
[SourceTitle "EXT 2020"]
[Source "ChessBase"]
[SourceDate "2019.10.17"]
[SourceVersion "1"]
[SourceVersionDate "2019.10.17"]
[SourceQuality "1"]
[WhiteTeam "Hotel Avda de Canarias II"]
[BlackTeam "Hotel Avda de Canarias III"]
[WhiteTeamCountry "ESP"]
[BlackTeamCountry "ESP"]

1. e4 e5 2. Nf3 Nf6 3. Nxe5 d6 4. Nf3 Nxe4 5. Nc3 Nxc3 6. dxc3 Be7 7. Bd3 Be6 8. Be3 Nd7 9. Nd4 Ne5 10. Nxe6 Nxd3+ 11. cxd3 fxe6 12. Qg4 Qd7 13. Qxg7 0-0-0 14. Qd4 c5 15. Qc4 d5 16. Qb3 e5 17. d4 c4 18. Qc2 e4 19. b3 b5 20. bxc4 bxc4 21. Rb1 Rhg8 22. g3 Rg6 23. Kd2 Rb6 24. Rxb6 axb6 25. Rb1 Kb7 26. Qb2 Qc6 27. Qb5 h5 28. h4 Ra8 29. Qxc6+ Kxc6 30. Rb2 b5 31. Kc2 Ra4 32. Bd2 Ra3 33. Be3 Ra4 34. Bd2 Ra3 35. Be1 Ra8 36. Kb1 Rf8 37. Re2 Rf3 38. Bd2 Kd6 39. Be3 Kc6 40. Kb2 Rf8 41. Re1 Ra8 42. Rg1 Rg8 43. Rh1 Kd6 44. Bf4+ Ke6 45. Re1 Kf5 46. Kc2 Bxh4 47. Rh1 Rg4 48. Kd2 Bg5 49. Rxh5 Kg6 50. Rxg5+ Rxg5 51. Bxg5 Kxg5 52. Ke3 Kg4 53. a3 Kh3 54. f3 Kxg3 55. fxe4 Kg4 56. exd5 Kf5 57. Kf3 Kg5 58. Ke4 Kf6 59. Kf4 Ke7 60. Ke5 Kd7 1-0

[Event "Canarias-chT"]
[Site "Vecindario"]
[Date "2019.06.14"]
[Round "2.2"]
[White "Sanchez Ramirez, Gustavo"]
[Black "Gonzalez Nocedo, Jaime"]
[Result "1-0"]
[WhiteElo "1616"]
[BlackElo "1561"]
[PlyCount "39"]
[EventDate "2019.06.13"]
[EventType "team-swiss"]
[EventRounds "6"]
[EventCountry "ESP"]
[SourceTitle "EXT 2020"]
[Source "ChessBase"]
[SourceDate "2019.10.17"]
[SourceVersion "1"]
[SourceVersionDate "2019.10.17"]
[SourceQuality "1"]
[WhiteTeam "Hotel Avda de Canarias III"]
[BlackTeam "La Caja de Canarias II"]
[WhiteTeamCountry "ESP"]
[BlackTeamCountry "ESP"]

1. c4 Nf6 2. d4 d5 3. Nc3 e6 4. Nf3 c6 5. e3 Nbd7 6. c5 b6 7. b4 a5 8. b5 cxb5 9. c6 Nb8 10. Bxb5 Qc7 11. Qa4 Ba6 12. 0-0 Bxb5 13. Nxb5 Qc8 14. Ne5 Ne4 15. Bb2 f6 16. c7 Nd7 17. Nc6 Nd2 18. Rfc1 Nc4 19. Rxc4 dxc4 20. Qxc4 1-0

[Event "Liga Insular Gran Canaria 1a Descenso"]
[Site "Las Palmas"]
[Date "2019.06.01"]
[Round "2.1"]
[White "Sanchez Ramirez, Gustavo"]
[Black "Fernandez Arce, Aketza"]
[Result "1-0"]
[WhiteElo "1589"]
[BlackElo "1630"]
[PlyCount "103"]
[EventDate "2019.05.25"]
[EventType "team-tourn"]
[EventRounds "3"]
[EventCountry "ESP"]
[SourceTitle "EXT 2021"]
[Source "ChessBase"]
[SourceDate "2020.10.23"]
[SourceVersion "1"]
[SourceVersionDate "2020.10.23"]
[SourceQuality "1"]
[WhiteTeam "Hotel Avda de Canarias III"]
[BlackTeam "Grandama II"]
[WhiteTeamCountry "ESP"]
[BlackTeamCountry "ESP"]

1. Nf3 Nf6 2. d4 g6 3. Nc3 Bg7 4. e4 d6 5. h3 0-0 6. Bc4 a6 7. Bf4 Nbd7 8. e5 Nh5 9. Bh2 Nb6 10. Bb3 dxe5 11. dxe5 Bh8 12. Qe2 Ng7 13. Rd1 Qe8 14. Nd4 c5 15. e6 c4 16. Bc7 cxb3 17. Bxb6 bxa2 18. exf7+ Qxf7 19. 0-0 Nf5 20. Rfe1 Nxd4 21. Bxd4 e5 22. Bc5 Re8 23. Ne4 Qc7 24. Bd6 Qa5 25. Ng5 Qb5 26. Qf3 Be6 27. Nxe6 Rxe6 28. Ba3 Rae8 29. Re4 Rc6 30. Rb4 Qa5 31. Qb3+ Rce6 32. Rxb7 e4 33. Qxa2 Qf5 34. Rd6 Be5 35. Rxe6 Rxe6 36. Rb6 Kf7 37. Rxa6 Bd4 38. Qxe6+ Qxe6 39. Rxe6 Kxe6 40. Kf1 Kd5 41. Ke2 Kc4 42. f3 e3 43. g4 Bb6 44. f4 Kd4 45. Bd6 Ke4 46. c4 Bd4 47. b4 Bc3 48. b5 Bd4 49. c5 Kd5 50. b6 Kc6 51. f5 Kb7 52. Be7 1-0

[Event "Gran Canaria Cabildo op"]
[Site "Gran Canaria"]
[Date "2019.03.29"]
[Round "6"]
[White "Perdomo Suarez, Juan Manuel"]
[Black "Sanchez Ramirez, Gustavo"]
[Result "0-1"]
[WhiteElo "1508"]
[BlackElo "1589"]
[PlyCount "42"]
[EventDate "2019.03.12"]
[EventType "swiss"]
[EventRounds "7"]
[EventCountry "ESP"]
[SourceTitle "CBM 189 Extra"]
[Source "ChessBase"]
[SourceDate "2019.06.03"]
[SourceVersion "1"]
[SourceVersionDate "2019.06.03"]
[SourceQuality "1"]

1. e4 d5 2. exd5 Nf6 3. Bb5+ Bd7 4. Bc4 c6 5. dxc6 Nxc6 6. Nc3 e5 7. d3 Bc5 8. h3 Qb6 9. Qd2 Nd4 10. Nd5 Nxd5 11. Bxd5 0-0 12. c3 Rad8 13. cxd4 Bb4 14. dxe5 Bxd2+ 15. Bxd2 Qxb2 16. Rc1 Qxe5+ 17. Be4 f5 18. Nf3 Qe8 19. 0-0 fxe4 20. dxe4 Rxf3 21. gxf3 Bxh3 0-1

[Event "Liga Insular Gran Canaria 2b"]
[Site "Las Palmas"]
[Date "2019.03.23"]
[Round "4.2"]
[White "Sanchez Ramirez, Gustavo"]
[Black "Rivero Tacoronte, Gabriel"]
[Result "1-0"]
[WhiteElo "1589"]
[BlackElo "1098"]
[PlyCount "57"]
[EventDate "2019.03.02"]
[EventType "team-tourn"]
[EventRounds "10"]
[EventCountry "ESP"]
[SourceTitle "EXT 2021"]
[Source "ChessBase"]
[SourceDate "2020.10.23"]
[SourceVersion "1"]
[SourceVersionDate "2020.10.23"]
[SourceQuality "1"]
[WhiteTeam "Hotel Avda de Canarias IV"]
[BlackTeam "Sociedad La Montana IV"]
[WhiteTeamCountry "ESP"]
[BlackTeamCountry "ESP"]

1. Nf3 d5 2. d4 Nf6 3. e3 Bf5 4. Bd3 Be4 5. Nc3 e6 6. a3 c5 7. Bxe4 dxe4 8. Ng5 cxd4 9. exd4 Nc6 10. Be3 Be7 11. Ngxe4 Nxe4 12. Nxe4 Qd5 13. f3 Rd8 14. c3 f5 15. Ng3 0-0 16. Bf2 f4 17. Ne4 Na5 18. 0-0 Nc6 19. Re1 b6 20. Qe2 e5 21. dxe5 Qxe5 22. Rad1 Rxd1 23. Rxd1 Rd8 24. Rxd8+ Bxd8 25. Qc4+ Kf8 26. Qxc6 Qh5 27. Qd6+ Be7 28. Qxf4+ Bf6 29. Nxf6 1-0

[Event "Gran Canaria Cabildo op"]
[Site "Gran Canaria"]
[Date "2019.03.19"]
[Round "3"]
[White "Sanchez Ramirez, Gustavo"]
[Black "Monteiro Rodrigues, Carlos"]
[Result "1-0"]
[WhiteElo "1589"]
[BlackElo "1394"]
[PlyCount "43"]
[EventDate "2019.03.12"]
[EventType "swiss"]
[EventRounds "7"]
[EventCountry "ESP"]
[SourceTitle "CBM 189 Extra"]
[Source "ChessBase"]
[SourceDate "2019.06.03"]
[SourceVersion "1"]
[SourceVersionDate "2019.06.03"]
[SourceQuality "1"]

1. Nf3 d5 2. d4 Nc6 3. e3 Nf6 4. c4 e6 5. Nc3 Bb4 6. a3 Bxc3+ 7. bxc3 Ne4 8. Qc2 0-0 9. Bd3 f5 10. cxd5 Qxd5 11. 0-0 Nf6 12. c4 Qd8 13. Bb2 Kh8 14. Rad1 Qe8 15. Ng5 h6 16. Nh3 Ne7 17. f3 Ng6 18. e4 Nh5 19. g3 Bd7 20. e5 Qe7 21. f4 Be8 22. Qf2 1-0

[Event "Liga Insular Gran Canaria 2b"]
[Site "Las Palmas"]
[Date "2019.03.09"]
[Round "2.1"]
[White "Sanchez Ramirez, Gustavo"]
[Black "Roca Marrero, Fernando"]
[Result "1-0"]
[WhiteElo "1589"]
[BlackElo "1514"]
[PlyCount "69"]
[EventDate "2019.03.02"]
[EventType "team-tourn"]
[EventRounds "10"]
[EventCountry "ESP"]
[SourceTitle "EXT 2021"]
[Source "ChessBase"]
[SourceDate "2020.10.23"]
[SourceVersion "1"]
[SourceVersionDate "2020.10.23"]
[SourceQuality "1"]
[WhiteTeam "Hotel Avda de Canarias IV"]
[BlackTeam "Panaderia Pulido San Mateo III"]
[WhiteTeamCountry "ESP"]
[BlackTeamCountry "ESP"]

1. Nf3 d6 2. d4 g6 3. e4 Bg7 4. Bc4 e6 5. 0-0 h6 6. Bf4 Ne7 7. Nbd2 a6 8. c3 b5 9. Bb3 Nd7 10. a4 Bb7 11. Qe2 Nf6 12. axb5 axb5 13. h3 0-0 14. e5 Nh5 15. Bh2 Bh8 16. g4 Ng7 17. Qe3 g5 18. Ne4 Bxe4 19. Qxe4 d5 20. Qd3 Qd7 21. Bc2 Ng6 22. h4 Rxa1 23. Rxa1 f5 24. exf6 Rxf6 25. Ne5 Nxe5 26. Qh7+ Kf7 27. Bxe5 Qd8 28. Ra7 Rf4 29. Rxc7+ Qxc7 30. Bxc7 Rxg4+ 31. Kf1 gxh4 32. Qxh8 h5 33. Be5 h3 34. Bxg7 h2 35. Qxh5+ 1-0

[Event "Gran Canaria Santana Memorial 6th"]
[Site "Gran Canaria"]
[Date "2018.12.04"]
[Round "7.8"]
[White "Sanchez Ramirez, Gustavo"]
[Black "Jablanovic, Sasa"]
[Result "0-1"]
[WhiteElo "1635"]
[BlackElo "1687"]
[PlyCount "154"]
[EventDate "2018.11.16"]
[EventType "swiss"]
[EventRounds "7"]
[EventCountry "ESP"]
[SourceTitle "EXT 2024"]
[Source "ChessBase"]
[SourceDate "2023.10.10"]
[SourceVersion "1"]
[SourceVersionDate "2023.10.10"]
[SourceQuality "1"]

1. b3 d5 2. Bb2 Nf6 3. g3 Bf5 4. Bg2 e6 5. d3 Be7 6. Nf3 h6 7. Nbd2 0-0 8. 0-0 Nbd7 9. c4 c6 10. Re1 Qb6 11. Bd4 c5 12. Bb2 d4 13. a3 a5 14. b4 axb4 15. axb4 Rxa1 16. Qxa1 Qxb4 17. Rb1 b6 18. Bxd4 Qa5 19. Bc3 Qa8 20. Ne5 Qxa1 21. Rxa1 Nxe5 22. Bxe5 Nd7 23. Bc3 Bf6 24. Bxf6 Nxf6 25. Ra7 Rb8 26. Bc6 Kf8 27. Nb1 Ne8 28. Nc3 Nd6 29. Rd7 Nc8 30. Rd8+ Ke7 31. Rg8 g6 32. Nb5 e5 33. Re8+ Kf6 34. Nd6 Be6 35. Bb7 Rxb7 36. Nxb7 Bd7 37. Rh8 Ke7 38. Kf1 h5 39. Ke1 Be8 40. Kd2 Bd7 41. Kc3 Na7 42. Ra8 Nc8 43. e3 Be6 44. d4 exd4+ 45. exd4 cxd4+ 46. Kxd4 Kd7 47. c5 Kc7 48. c6 Bg4 49. Ra3 Ne7 50. Nc5 Nxc6+ 51. Kd5 Ne7+ 52. Kc4 bxc5 53. Kxc5 Nc8 54. Kd4 Be6 55. Ke5 Nb6 56. Kf6 Nd7+ 57. Kg7 Kd6 58. f4 Nc5 59. Ra7 Nd7 60. h4 Kd5 61. Ra8 Ke4 62. Ra3 Kf5 63. Rc3 Kg4 64. Re3 Nc5 65. Kf6 Bc4 66. Kg7 Nb7 67. Rc3 Be6 68. Re3 Nd6 69. Rxe6 fxe6 70. Kxg6 Nf5 71. Kf6 Nxg3 72. Kxe6 Kxf4 73. Kf6 Kg4 74. Ke5 Nf5 75. Ke4 Nxh4 76. Ke3 Kg3 77. Ke2 Nf3 0-1

[Event "Gran Canaria Santana Memorial 6th"]
[Site "Gran Canaria"]
[Date "2018.11.27"]
[Round "4.6"]
[White "Parsons, Alan"]
[Black "Sanchez Ramirez, Gustavo"]
[Result "1-0"]
[WhiteElo "1759"]
[BlackElo "1635"]
[PlyCount "33"]
[EventDate "2018.11.16"]
[EventType "swiss"]
[EventRounds "7"]
[EventCountry "ESP"]
[SourceTitle "EXT 2024"]
[Source "ChessBase"]
[SourceDate "2023.10.10"]
[SourceVersion "1"]
[SourceVersionDate "2023.10.10"]
[SourceQuality "1"]

1. g3 e5 2. Bg2 d5 3. d4 e4 4. c4 c6 5. Nc3 Nf6 6. h4 Be7 7. Bg5 0-0 8. Nh3 Bxh3 9. Rxh3 h6 10. Bxf6 Bxf6 11. e3 Na6 12. Qb3 c5 13. Nxd5 cxd4 14. exd4 Bxd4 15. 0-0-0 Nc5 16. Qc2 Nd3+ 17. Kb1 1-0

[Event "Gran Canaria-chT 1819 B"]
[Site "Gran Canaria"]
[Date "2018.11.17"]
[Round "1.1"]
[White "De Leon Navarro, Claudio"]
[Black "Sanchez Ramirez, Gustavo"]
[Result "1-0"]
[WhiteElo "1885"]
[BlackElo "1635"]
[PlyCount "115"]
[EventDate "2018.11.17"]
[EventType "swiss"]
[EventRounds "7"]
[EventCountry "ESP"]
[SourceTitle "EXT 2024"]
[Source "ChessBase"]
[SourceDate "2023.10.10"]
[SourceVersion "1"]
[SourceVersionDate "2023.10.10"]
[SourceQuality "1"]
[WhiteTeam "Hotel Avda de Canarias II"]
[BlackTeam "Hotel Avda de Canarias III"]
[WhiteTeamCountry "ESP"]
[BlackTeamCountry "ESP"]

1. e4 e5 2. Nf3 d6 3. Bc4 Be7 4. c3 Nf6 5. d3 0-0 6. Bb3 b6 7. Nbd2 Bb7 8. 0-0 Nbd7 9. Re1 Nc5 10. Bc2 Re8 11. Nf1 Nfd7 12. Ng3 Bf6 13. Nf5 d5 14. h3 dxe4 15. dxe4 Nf8 16. Qe2 Nce6 17. g3 Qc8 18. Nh2 Ng6 19. Ng4 Bg5 20. Bxg5 Nxg5 21. h4 Ne6 22. h5 Ne7 23. h6 Nxf5 24. exf5 Ng5 25. Nh2 g6 26. Qg4 Qd8 27. Rad1 Qf6 28. f3 Rad8 29. Be4 Nxe4 30. fxe4 Rxd1 31. Rxd1 Rd8 32. Rxd8+ Qxd8 33. f6 Qd2 34. Nf1 Qxh6 35. Qd7 Bxe4 36. Qd8+ Qf8 37. Qxc7 Qc5+ 38. Qxc5 bxc5 39. Ne3 Bb1 40. a3 h5 41. Nc4 e4 42. Kf2 Kf8 43. Ke3 Ba2 44. Nd6 Bd5 45. c4 Bc6 46. b4 cxb4 47. axb4 g5 48. b5 Bd7 49. Kxe4 a5 50. bxa6 Bc6+ 51. Kf5 h4 52. gxh4 gxh4 53. Kg4 Kg8 54. Kxh4 Kh7 55. Kg5 Kg8 56. a7 Kf8 57. Kh6 Kg8 58. Nb5 1-0

[Event "Gran Canaria Galdos op 3rd"]
[Site "Gran Canaria"]
[Date "2018.04.25"]
[Round "4"]
[White "Sanchez Ramirez, Gustavo"]
[Black "Diaz Hernandez, Juan Jose"]
[Result "1-0"]
[WhiteElo "1630"]
[BlackElo "1018"]
[PlyCount "85"]
[EventDate "2018.04.18"]
[EventType "swiss"]
[EventRounds "5"]
[EventCountry "ESP"]
[SourceTitle "EXT 2024"]
[Source "ChessBase"]
[SourceDate "2023.10.10"]
[SourceVersion "1"]
[SourceVersionDate "2023.10.10"]
[SourceQuality "1"]

1. c4 Nc6 2. d4 d5 3. Nf3 e6 4. Nc3 Bb4 5. a3 Ba5 6. b4 Bb6 7. c5 Ba5 8. Qa4 Bd7 9. bxa5 b6 10. a6 Na5 11. Qb4 Nc6 12. Qa4 Nge7 13. e4 Na5 14. Qc2 Nac6 15. Bd3 bxc5 16. dxc5 d4 17. Ne2 e5 18. 0-0 Bg4 19. Nd2 h5 20. f3 Bd7 21. f4 Bg4 22. fxe5 Nxe5 23. Nc4 N7g6 24. Ng3 h4 25. Nf5 h3 26. g3 Kf8 27. Bf4 Nxf4 28. Rxf4 Nf3+ 29. Kh1 Bh5 30. Rf1 g6 31. R4xf3 gxf5 32. Rxf5 Rh7 33. e5 Qe7 34. Rf6 Rg7 35. e6 Kg8 36. Ne5 Rd8 37. exf7+ Rxf7 38. Nxf7 Rf8 39. Nh6+ Kg7 40. Rxf8 Kxh6 41. Rh8+ Kg7 42. Rxh5 Qd7 43. Rh7+ 1-0

[Event "Las Palmas Montalvo Memorial 11th"]
[Site "Las Palmas"]
[Date "2018.03.29"]
[Round "7"]
[White "Sanchez Ramirez, Gustavo"]
[Black "Diez Asensio, Jesus"]
[Result "1-0"]
[WhiteElo "1622"]
[BlackElo "1843"]
[PlyCount "81"]
[EventDate "2018.03.24"]
[EventType "swiss"]
[EventRounds "9"]
[EventCountry "ESP"]
[SourceTitle "CBM 183 Extra"]
[Source "ChessBase"]
[SourceDate "2018.04.19"]
[SourceVersion "1"]
[SourceVersionDate "2018.04.19"]
[SourceQuality "1"]

1. c4 c6 2. d4 d5 3. e3 Nf6 4. Nc3 a6 5. c5 Bf5 6. Bd3 Bg6 7. h4 Bxd3 8. Qxd3 e5 9. f3 Qc7 10. Rh3 Nfd7 11. Bd2 Be7 12. Na4 b6 13. cxb6 Nxb6 14. Ba5 N8d7 15. Nxb6 Nxb6 16. dxe5 Qa7 17. b3 Nd7 18. Bc3 Rc8 19. Ne2 Nc5 20. Qf5 Ne6 21. Nd4 g6 22. Qd3 Nc5 23. Qe2 Qc7 24. e6 f6 25. Rc1 Nb7 26. h5 g5 27. Nf5 Nd6 28. Qd3 Nxf5 29. Qxf5 0-0 30. h6 a5 31. f4 Bb4 32. fxg5 Bxc3+ 33. Rxc3 Qe5 34. Qxe5 fxe5 35. Rf3 Rfe8 36. Rf6 c5 37. Ke2 Rc6 38. Kf3 Rexe6 39. Rxe6 Rxe6 40. Rxc5 d4 41. exd4 1-0

[Event "Las Palmas Montalvo Memorial 11th"]
[Site "Las Palmas"]
[Date "2018.03.25"]
[Round "3"]
[White "Sanchez Ramirez, Gustavo"]
[Black "Suarez Ramirez, Jonay"]
[Result "0-1"]
[WhiteElo "1622"]
[BlackElo "1905"]
[PlyCount "110"]
[EventDate "2018.03.24"]
[EventType "swiss"]
[EventRounds "9"]
[EventCountry "ESP"]
[SourceTitle "CBM 183 Extra"]
[Source "ChessBase"]
[SourceDate "2018.04.19"]
[SourceVersion "1"]
[SourceVersionDate "2018.04.19"]
[SourceQuality "1"]

1. c4 Nf6 2. d4 c5 3. Nf3 g6 4. g3 cxd4 5. Nxd4 Bg7 6. Bg2 Nc6 7. e3 0-0 8. 0-0 Nxd4 9. exd4 d5 10. cxd5 Nxd5 11. Nc3 Nb6 12. Be3 Nc4 13. Qb3 Na5 14. Qd5 Be6 15. Qxd8 Rfxd8 16. d5 Bf5 17. Rac1 Nc4 18. Ne4 Rac8 19. b3 Nxe3 20. fxe3 Bh6 21. Kf2 Kf8 22. Nc3 Bg7 23. Nb5 Bd3 24. Nxa7 Ra8 25. Rfd1 Bf5 26. Nb5 Rxa2+ 27. Kg1 Bc2 28. Rd2 Bxb3 29. Rxa2 Bxa2 30. e4 Be5 31. g4 Ra8 32. Bf1 Ra4 33. Bd3 Rb4 34. h4 Bxd5 35. exd5 Rxg4+ 36. Kf2 Rxh4 37. Rc8+ Kg7 38. Re8 Kf6 39. Rd8 Rh2+ 40. Ke3 h5 41. d6 exd6 42. Nxd6 Ke7 43. Nxb7 Rb2 44. Rd5 Ke6 45. Bc4 Kf6 46. Nc5 Bh2 47. Ne4+ Ke7 48. Rb5 Rxb5 49. Bxb5 f5 50. Ng5 Kf6 51. Nf3 Bg3 52. Be8 h4 53. Ke2 g5 54. Kf1 g4 55. Bh5 h3 0-1

[Event "Las Palmas Insular-chT Segunda 1718"]
[Site "Las Palmas"]
[Date "2018.01.20"]
[Round "6.2"]
[White "Rodriguez Perez, Jose Manuel"]
[Black "Sanchez Ramirez, Gustavo"]
[Result "1-0"]
[WhiteElo "1991"]
[BlackElo "1618"]
[PlyCount "25"]
[EventDate "2017.10.28"]
[EventType "team-swiss"]
[EventRounds "9"]
[EventCountry "ESP"]
[SourceTitle "EXT 2019"]
[Source "ChessBase"]
[SourceDate "2018.10.10"]
[SourceVersion "1"]
[SourceVersionDate "2018.10.10"]
[SourceQuality "1"]
[WhiteTeam "Villa de Teror II"]
[BlackTeam "Hotel Avda de Canarias II"]
[WhiteTeamCountry "ESP"]
[BlackTeamCountry "ESP"]

1. Nf3 d5 2. d4 Nf6 3. Bf4 e6 4. e3 Bd6 5. Bg3 Ne4 6. Bd3 Nxg3 7. hxg3 Nd7 8. Nc3 a6 9. e4 c6 10. e5 Bc7 11. Ne2 Qe7 12. c3 c5 13. Nf4 1-0

[Event "Las Palmas Insular-chT Segunda 1718"]
[Site "Las Palmas"]
[Date "2017.11.25"]
[Round "3.4"]
[White "De Leon Navarro, Claudio"]
[Black "Sanchez Ramirez, Gustavo"]
[Result "1-0"]
[WhiteElo "1787"]
[BlackElo "1633"]
[PlyCount "77"]
[EventDate "2017.10.28"]
[EventType "team-swiss"]
[EventRounds "9"]
[EventCountry "ESP"]
[SourceTitle "EXT 2019"]
[Source "ChessBase"]
[SourceDate "2018.10.10"]
[SourceVersion "1"]
[SourceVersionDate "2018.10.10"]
[SourceQuality "1"]
[WhiteTeam "Hotel Avda de Canarias III"]
[BlackTeam "Hotel Avda de Canarias II"]
[WhiteTeamCountry "ESP"]
[BlackTeamCountry "ESP"]

1. e4 c5 2. Nc3 g6 3. Bc4 Bg7 4. Qf3 e6 5. Nb5 d6 6. Qg3 e5 7. Qb3 Nh6 8. Qd3 Ke7 9. Qe2 a6 10. Nc3 Nc6 11. Nd5+ Kf8 12. a4 Nd4 13. Qd1 Qg5 14. g3 Be6 15. c3 Nc6 16. d3 Qd8 17. f4 f5 18. Nf3 Bxd5 19. Bxd5 Ng4 20. Ng5 Qf6 21. Ne6+ Ke7 22. fxe5 Qxe5 23. Bf4 Qxe6 24. Bxe6 Kxe6 25. Qb3+ Kf6 26. Qxb7 Nce5 27. Bxe5+ Nxe5 28. Qd5 Rab8 29. Qxd6+ Kg5 30. h4+ Kh6 31. h5 Kg5 32. hxg6 hxg6 33. Rxh8 Rxh8 34. 0-0-0 Rh7 35. exf5 gxf5 36. d4 Nc4 37. Qf4+ Kg6 38. Qf1 Bh6+ 39. Kb1 1-0

[Event "Gran Canaria Fiestas Dolores 2nd"]
[Site "Gran Canaria"]
[Date "2017.09.15"]
[Round "6"]
[White "Sanchez Ramirez, Gustavo"]
[Black "Ramirez Maillo, Cristian"]
[Result "0-1"]
[WhiteElo "1686"]
[BlackElo "1776"]
[PlyCount "100"]
[EventDate "2017.09.04"]
[EventType "swiss"]
[EventRounds "6"]
[EventCountry "ESP"]
[SourceTitle "CBM 180 Extra"]
[Source "ChessBase"]
[SourceDate "2017.10.06"]
[SourceVersion "1"]
[SourceVersionDate "2017.10.06"]
[SourceQuality "1"]

1. c4 Nf6 2. d4 g6 3. Nc3 Bg7 4. e4 d6 5. f4 0-0 6. Nf3 c5 7. d5 Bg4 8. h3 Bxf3 9. Qxf3 e6 10. e5 dxe5 11. Be3 exd5 12. cxd5 Nbd7 13. 0-0-0 a6 14. g4 b5 15. Bg2 Qa5 16. Kb1 c4 17. d6 Rac8 18. g5 Nh5 19. Nd5 exf4 20. Ne7+ Kh8 21. Nxc8 fxe3 22. Ne7 c3 23. Qxe3 cxb2 24. Rhe1 Qa4 25. Bc6 Ne5 26. Qb3 Nc4 27. Rd3 Nf4 28. Qxa4 bxa4 29. Re4 Nxd3 30. Rxc4 f5 31. d7 f4 32. Rxa4 Ne5 33. Rxf4 Nxd7 34. Nxg6+ hxg6 35. Rh4+ Kg8 36. Bd5+ Rf7 37. Ra4 Kf8 38. Bxf7 Kxf7 39. Rxa6 Nc5 40. Ra7+ Kf8 41. a4 Bd4 42. Ra8+ Kf7 43. a5 Ne4 44. Rb8 Nd2+ 45. Kc2 b1Q+ 46. Rxb1 Nxb1 47. Kxb1 Ke6 48. Kc2 Kf5 49. Kd3 Ba7 50. a6 Kf4 0-1